000 00324nam a2200145Ia 4500
008 150301s2015 xx 000 0 und d
082 _a612.015
_bD14A
100 _aDEEPAK ARORA
245 _aDICTIONARY OF CHEMISTRY
250 _a2ND
260 _bAITBS DELHI
300 _a380
650 _aDICTIONARY
942 _2ddc
_cBK
999 _c7197
_d7197